[Event "FRA-chT U20 0304"]
[Site "France"]
[Date "2004.01.02"]
[Round "4"]
[White "Sainet, Bertrand"]
[Black "Alary, Hugo"]
[Result "1-0"]
[WhiteElo "1530"]
[BlackElo "1480"]
[PlyCount "47"]
[EventDate "2003.11.??"]
[EventType "team-tourn"]
[EventRounds "11"]
[EventCountry "FRA"]
[SourceTitle "EXT 2005"]
[Source "ChessBase"]
[SourceDate "2004.11.15"]
[SourceVersion "1"]
[SourceVersionDate "2004.11.15"]
[SourceQuality "1"]
[WhiteTeam "Nancy"]
[BlackTeam "Grasse"]
[WhiteTeamCountry "FRA"]
[BlackTeamCountry "FRA"]

1. e4 e6 2. Nf3 Nf6 3. e5 Ng4 4. h3 Nh6 5. d4 Ng8 6. Bd3 d5 7. 0-0 Nc6 8. c3 Bd7 9. Ng5 h6 10. Qh5 hxg5 11. Qxh8 Nh6 12. f4 gxf4 13. Bxf4 Qh4 14. Bxh6 gxh6 15. Qf6 Qxf6 16. Rxf6 0-0-0 17. Rxf7 Be8 18. Rxf8 Ne7 19. Nd2 c6 20. Rf6 h5 21. Rxe6 Bd7 22. Rxe7 Kc7 23. Bf5 a6 24. e6 1-0

[Event "FRA-chT 0102 U18"]
[Site "France"]
[Date "2002.??.??"]
[Round "6.8"]
[White "Bensaid, Alexandre"]
[Black "Alary, Hugo"]
[Result "1/2-1/2"]
[WhiteElo "1300"]
[BlackElo "1009"]
[PlyCount "125"]
[EventDate "2001.10.??"]
[EventType "team-tourn"]
[EventRounds "11"]
[EventCountry "FRA"]
[SourceTitle "EXT 2003"]
[Source "ChessBase"]
[SourceDate "2002.11.25"]
[SourceVersion "1"]
[SourceVersionDate "2002.11.25"]
[SourceQuality "1"]
[WhiteTeam "Neuilly"]
[BlackTeam "Grasse"]
[WhiteTeamCountry "FRA"]
[BlackTeamCountry "FRA"]

1. e4 d6 2. d4 Nf6 3. Nc3 g6 4. Nf3 Bg7 5. Bc4 0-0 6. 0-0 Bg4 7. h3 Bxf3 8. Qxf3 c6 9. Bf4 Nbd7 10. Qe3 e5 11. dxe5 dxe5 12. Bh6 a6 13. Bxg7 Kxg7 14. Qd2 Nc5 15. Rad1 Ncxe4 16. Nxe4 Nxe4 17. Qxd8 Rfxd8 18. Rxd8 Rxd8 19. Bb3 Nd2 20. Rd1 Nf3+ 21. Kf1 Rxd1+ 22. Ke2 Rd4 23. Kxf3 Rf4+ 24. Ke3 b5 25. g3 Rd4 26. c3 Rd8 27. Ke4 f6 28. f3 Re8 29. a4 f5+ 30. Ke3 bxa4 31. Bxa4 Rc8 32. b4 g5 33. Bb3 f4+ 34. gxf4 gxf4+ 35. Ke4 Re8 36. Ba4 Kg6 37. Bxc6 Re6 38. Ba4 Kg5 39. Bd7 Re7 40. Bg4 h5 41. Bc8 Rc7 42. Bxa6 Rxc3 43. b5 Ra3 44. Kxe5 Kh4 45. Kd6 Kxh3 46. Bc8+ Kg2 47. b6 Ra8 48. b7 Rb8 49. Ke5 h4 50. Kxf4 h3 51. Bxh3+ Kxh3 52. Kg5 Rxb7 53. f4 Rg7+ 54. Kf6 Rg1 55. f5 Kg4 56. Ke6 Re1+ 57. Kf6 Kh5 58. Kg7 Kg5 59. f6 Ra1 60. f7 Ra7 61. Kg8 Ra8+ 62. f8Q Rxf8+ 63. Kxf8 1/2-1/2

[Event "FRA-chT 0102 U18"]
[Site "France"]
[Date "2001.11.24"]
[Round "1.10"]
[White "Alary, Hugo"]
[Black "Laussac, Stephane"]
[Result "0-1"]
[WhiteElo "1300"]
[BlackElo "1330"]
[PlyCount "118"]
[EventDate "2001.10.??"]
[EventType "team-tourn"]
[EventRounds "11"]
[EventCountry "FRA"]
[SourceTitle "EXT 2003"]
[Source "ChessBase"]
[SourceDate "2002.11.25"]
[SourceVersion "1"]
[SourceVersionDate "2002.11.25"]
[SourceQuality "1"]
[WhiteTeam "Grasse"]
[BlackTeam "Hyeres"]
[WhiteTeamCountry "FRA"]
[BlackTeamCountry "FRA"]

1. d4 d5 2. Nc3 Nf6 3. Nf3 Nc6 4. e3 a6 5. Be2 e6 6. 0-0 Bd6 7. Ng5 h6 8. Nf3 0-0 9. Nb1 Bd7 10. c3 e5 11. Bd3 e4 12. Be2 exf3 13. Bxf3 Bf5 14. h3 Bxb1 15. Rxb1 Qd7 16. Qd3 Rfe8 17. Bd1 Qe6 18. Bc2 Qe4 19. Qd2 Qe6 20. Qd3 Qe4 21. Qd2 Qh4 22. g3 Qxh3 23. Re1 Rad8 24. f4 Qxg3+ 25. Kf1 Ng4 26. Re2 Qh3+ 27. Kg1 Re6 28. Bf5 Rf6 29. Bxg4 Qxg4+ 30. Rg2 Qh3 31. Qe1 Re8 32. Rg3 Rg6 33. Rxg6 fxg6 34. Bd2 Qg4+ 35. Kf2 Qh4+ 36. Kf3 Qxe1 37. Rxe1 Rf8 38. Rg1 g5 39. b3 gxf4 40. exf4 Ne7 41. Re1 Ng6 42. f5 Rxf5+ 43. Kg4 Rf8 44. Kh5 Nf4+ 45. Bxf4 Bxf4 46. Re7 Rf7 47. Re2 Kh7 48. Rf2 Rf6 49. Kg4 Bd6 50. Rxf6 gxf6 51. Kf5 Kg7 52. Ke6 Kg6 53. Kxd5 Kf5 54. c4 h5 55. c5 Bxc5 56. Kxc5 h4 57. d5 h3 58. a4 h2 59. b4 h1Q 0-1

[Event "FRA-chT 0102 U18"]
[Site "France"]
[Date "2001.11.24"]
[Round "1.7"]
[White "Baudifier, Yoan"]
[Black "Alary, Hugo"]
[Result "1-0"]
[WhiteElo "1600"]
[BlackElo "1300"]
[PlyCount "67"]
[EventDate "2001.10.??"]
[EventType "team-tourn"]
[EventRounds "11"]
[EventCountry "FRA"]
[SourceTitle "EXT 2003"]
[Source "ChessBase"]
[SourceDate "2002.11.25"]
[SourceVersion "1"]
[SourceVersionDate "2002.11.25"]
[SourceQuality "1"]
[WhiteTeam "Hyeres"]
[BlackTeam "Grasse"]
[WhiteTeamCountry "FRA"]
[BlackTeamCountry "FRA"]

1. e4 d6 2. d4 Nf6 3. Nc3 g6 4. Nf3 Bg7 5. Bd2 Bg4 6. Be3 Nbd7 7. h3 Bxf3 8. Qxf3 0-0 9. Qd1 e5 10. d5 c6 11. dxc6 bxc6 12. Qxd6 c5 13. Bxc5 Nxc5 14. Qxc5 Rb8 15. Rb1 Ne8 16. Qxa7 Rc8 17. Rd1 Qf6 18. Nd5 Qc6 19. Ne7+ Kh8 20. Nxc6 Rxc6 21. c3 Nf6 22. f3 Kg8 23. Qe7 Re6 24. Qc7 Ra6 25. Rd8 Rxa2 26. Rxf8+ Bxf8 27. Bc4 Ra1+ 28. Kf2 Kg7 29. Qxf7+ Kh6 30. Qxf8+ Kg5 31. h4+ Kh5 32. g4+ Nxg4+ 33. fxg4+ Kxg4 34. Qf3# 1-0